Video Game World Records - Statistics

General Stats
  • This quiz has been taken 8 times
  • The average score is 3 of 15
Answer Stats
Record Record Answer % Correct
Highest grossing videogame in 24 hours $815.7 million Grand Theft Auto V
100%
Longest development period for a video game 14 Years + 43 Days Duke Nukem Forever
50%
First point ’n’ click videogame to use a full soundtrack 1990 The Secret of Monkey Island
38%
Shortest development period for a videogame film conversion 35 Days E.T. the Extra-Terrestrial
25%
First videogame with multiple endings 1986 Bubble Bobble
13%
Most money received for a virtual world $350 million Club Penguin
13%
Lowest-rated western-style role-playing videogame 50.84% Fallout 76
13%
Most videogame sequels released in a year 3 Five Nights at Freddy's
13%
Rarest videogame 1 Copy Gamma-Attack
13%
Most critically acclaimed videogame to never receive a sequel 93.03% Grim Fandango
13%
Worst-rated Mario videogame 56.53% Mario Party Advance
13%
Most consecutive weeks at no.1 in the Nintendo DS videogame chart 23 Weeks Moshi Monsters: Moshling Zoo
13%
First toys-to-life videogame 2007 U.B Funkeys
13%
First videogame 1952 Strachey’s Draughts
0%
Most critically acclaimed game conceived at a game jam 82% Super Time Force
0%
No matching quizzes found
Score Distribution
Percent of People with Each Score
Percentile by Number Answered
Your Score History
You have not taken this quiz